000 00603nam a2200181Ia 4500
005 20250508155554.0
008 008 250505s9999 xx 000 0 eng d
037 _aTextual
040 _aFEDL
_beng
_cFEDL
041 _aeng
_2eng
084 _a379.14, AJM
_qFEDL
245 0 _aRegulations, rules and by-laws, etc., of the board of high school and intermediate education, rajputana(including Ajmer Merwara), Central India and Gwalior
250 _a13th
260 _aAjmer, India
_bBoard Office
_c1942
300 _a123p.
942 _cTEXL
_h379.14, AJM
999 _c1357894
_d1357894